Océano de vida: cómo están cambiando nuestros mares
Збережено в:
| Автор: | |
|---|---|
| Формат: | Книга |
| Мова: | Іспанська |
| Опубліковано: |
Madrid
Alianza
2014
|
| Редагування: | 1a. ed |
| Предмети: | |
| Теги: |
Додати тег
Немає тегів, Будьте першим, хто поставить тег для цього запису!
|
MARC
| LEADER | 00000cam a2200000 a 4500 | ||
|---|---|---|---|
| 001 | UCC0381 | ||
| 003 | CL-VaPUC | ||
| 008 | 170811e20140000sp |||||||||||||||||spa|d | ||
| 020 | |a 9788420693354 | ||
| 082 | 0 | 4 | |a 551.46 |b ROB |2 21 |
| 100 | 0 | |a Roberts, Callum |e author |9 594321 | |
| 245 | 1 | 0 | |a Océano de vida: cómo están cambiando nuestros mares |
| 250 | |a 1a. ed | ||
| 300 | |a 484 p | ||
| 942 | |c BK | ||
| 945 | |d 20170811 15:21:00 |a dcastane | ||
| 260 | |a Madrid |b Alianza |c 2014 | ||
| 650 | 0 | |a Océanos |9 344473 | |
| 650 | 7 | |a OCENAOGRAFIA |2 CL-VaPUC |9 261944 | |
| 650 | 0 | |a Contaminación ambiental |9 314181 | |
| 650 | 0 | |a Contaminación del mar |9 339619 | |
| 583 | |a last modification |c 20170811 15:21:00 |k Rodrigo Vera | ||
| 999 | |c 369232 |d 369230 | ||